000 00794nam a2200253 4500
003 OSt
005 20260530115312.0
008 260508t 2001cc a|||| |||| 00| 0 eng d
040 _aICI
_bspa
_cICI
041 _aeng
050 _aNK1170
_bI23 2001
111 _aICSID
_c(Seoul, Korea :
_dOctober 2001)
_932911
245 1 0 _aProceedings ICSID 2002 Seoul /
_cLee Sung-Jong
264 1 _aKorea del Sur :
_bICSID,
_c2001
300 _a466 páginas :
_bilustraciones
336 _atexto
_2rdacontent
337 _asin medio
_2rdamedia
338 _avolumen
_2rdacarrier
650 1 4 _2Diseño industrial
_xCongresos
650 1 4 _aDiseño
_vCongresos
_zCorea del Sur
_932913
650 1 4 _aInnovaciones tecnológicas
_xDiseño
_932914
700 1 _aSung-Jong, Lee,
_eeditor
_932915
942 _2lcc
_cBK
_n1
999 _c13385
_d13385